[Event "Tilburg Fontys"]
[Site "Tilburg"]
[Date "1996.10.16"]
[Round "5"]
[White "Sutovsky, Emil"]
[Black "Van Wely, Loek"]
[Result "1-0"]
[WhiteElo "2565"]
[BlackElo "2605"]
[Annotator "Sutovsky,E"]
[PlyCount "47"]
[EventDate "1996.10.11"]
[EventType "tourn"]
[EventRounds "11"]
[EventCountry "NED"]
[EventCategory "16"]
[SourceTitle "CBM 056"]
[Source "ChessBase"]
[SourceDate "1997.02.01"]
[SourceVersion "1"]
[SourceVersionDate "1997.02.01"]
[SourceQuality "1"]

1. e4 {Boensch Ftacnik Gutman,L} c5 2. Nf3 d6 3. d4 cxd4 4. Nxd4 Nf6 5. Nc3 a6
6. Be2 e6 7. f4 Be7 8. Be3 O-O 9. O-O Qc7 $6 {This natural move was considered
to be the best in this position,but probably, white's achievements in this
line in the last year will turn whole this variation to very unpopular for
black. At my opinion after 9...Qc7} (9... Nc6 10. Qe1 Nxd4 11. Bxd4 b5 12. a3
Bb7 13. Qg3 Bc6 14. Rae1 Qd7 15. Bd3 a5 16. b4 axb4 17. axb4 e5 $1 18. fxe5
dxe5 19. Qxe5 Bd6 20. Qf5 Bxh2+ 21. Kxh2 Qxd4 22. e5 Bd7 23. Qf3 Ng4+ 24. Kh1
Nxe5 (24... Ra6 $5) 25. Bxh7+ Kxh7 26. Qh5+ Kg8 27. Qxe5 Qh4+ $15 {Svidler,
P-Van Wely,L/Tilburg(08)/1996/0,5/47/}) (9... Nc6 $142) 10. g4 $1 {This move
is not a new one,but it became popular only after the game G.Kasparov-V.Anand,
PCA rapid,Moscow,1996. Actually,this move is very natural-white is using the
fact that black's knight isn't on c6 square and} b5 {In this position black
has several different possibilities,but on my opinion in any case,white stands
better.Let's see few examples:} (10... Re8 11. f5 {Probably,this move is even
stronger than 11.g5,now white's attack become very dangerous and maybe even
decisive.} (11. g5 Nfd7 12. Bd3 Nc6 13. Qh5 g6 14. Qh4 Bf8 15. Rf3 Bg7 16. Nde2
b5 17. Rh3 Nf8 18. f5 Ne5 19. f6 Bh8 20. a3 Rb8 21. b4 Bb7 (21... Nc4 {
Amazingly,playing this game both of us didn't know exactly the game
Kasparov-Anand,that was played couple of weeks before,but we made the same 21
move,and only now black makes a new move,but still white has a big advantage.}
22. Bxc4 Qxc4 23. Rd1 e5 24. Rg3 Re6 25. Bf2 Bb7 26. Rgd3 Qc7 27. Qg3 Nd7 28.
Qe3 $16 {Svidler,P-Sutovsky,E/Haifa/1996/1:0/40/}) 22. Rf1 Rbc8 23. Bd4 Nc6 24.
Be3 Ne5 25. Rf4 Qd7 26. Qh6 Nxd3 27. cxd3 e5 28. Rf1 Rc7 29. Bb6 Rc6 30. Nd5
Bc8 31. Re3 Qb7 32. Bd8 Ne6 33. Ne7+ Rxe7 34. fxe7 Qd7 35. Rh3 {Kasparov,
G-Anand,V/Moscow PCA 25'/1996/1:0/}) 11... Bf8 12. g5 Nfd7 13. Nxe6 $1 fxe6 14.
Bh5 g6 15. fxg6 Re7 16. Nd5 $1 exd5 17. Qxd5+ Kh8 18. gxh7 Rxh7 19. Bg6 Bg7 20.
Bxh7 Qd8 21. Bf5 $18 {Shirov,A-Polgar,J/Tilburg(09)/1996/1:0/30/}) (10... d5
11. exd5 {Probably,it's a simpliest way to get advantage.} (11. e5 Ne4 12. Bd3
$5 {Interesting pawn sacrifise.Another possibility is:12.Ne4 de 13.g5 like it
was in the next game:} (12. Nxe4 dxe4 13. g5 $1 {N} Nc6 (13... Rd8 $1 14. c3
Nd7 $1 15. Qc2 Nc5 $13) 14. c3 Bc5 15. Qc2 b5 $1 $8 16. Qxe4 Bb7 17. Bf3 $14 {
Bologan,V-Novikov,I/New York/1993/0,5/46/}) 12... Nxc3 13. bxc3 Qxc3 14. Rb1
Nc6 15. Rb3 Qa5 16. Nxc6 bxc6 17. f5 f6 18. exf6 Bxf6 19. g5 Be5 20. f6 g6 21.
Qe2 Qc7 22. h4 c5 23. c4 $40 {Lauk,U-Odeev,H/Moscow(olm)/1994/0,5/37/}) 11...
Nxd5 12. Nxd5 exd5 13. Bf3 (13. Bd3 $1 $14 {Nevednichy}) 13... Rd8 14. Qd2 Nc6
15. Rad1 Bc5 16. Nb3 Bxe3+ 17. Qxe3 h5 18. f5 hxg4 19. Bxd5 Ne7 20. Qe4 Nxd5
21. Rxd5 Rxd5 22. Qxd5 g3 23. Rd1 gxh2+ 24. Kh1 Kh7 25. Nc5 b6 26. Qe4 bxc5 27.
Qh4+ Kg8 28. Rd8+ Qxd8 29. Qxd8+ $18 (29. Qxd8+ Kh7 30. Kxh2 f6 31. Qd5 Rb8 32.
Qxc5 Bd7 33. b3 Rb5 34. Qd6 Bc8 35. c4 Re5 36. Qc6 Bxf5 37. Qxa6 Bb1 38. a4
Re2+ 39. Kg1 Be4 40. c5 Rc2 41. b4 f5 42. Qd6 g5 43. b5 g4 44. c6 Rg2+ 45. Kf1
g3 46. c7 {Sax,G-Eising,J/Amsterdam(OHRAII)/1989/1:0/})) (10... Nc6) (10... Nc6
11. g5 Nd7 12. f5 Nde5 13. f6 Bd8 14. Bd3 $1 $146 {1-0 Sutovskij,E-Polgar,J/
Tilburg Fontys 1996 (21) -CBM 56}) 11. g5 Nfd7 12. Bd3 {White is continuing on
his general strategy:the bishop on d3 will help in the future attack and also
it'll defend c2 and e4 pawns; besides that white's Queen got a possibilty to
join the attack from h5 square and the} (12. f5 $5 b4 13. fxe6 bxc3 14. exf7+
$6 (14. exd7 $5 Nxd7 15. Nf5 Ne5 16. bxc3 Be6 {with good compensation for the
pawn:black's knight on e5 is very strong,and white has some problems with his
weak pawns.}) 14... Kh8 $1 $8 (14... Rxf7 $2 15. Rxf7 Kxf7 16. Qf1+ (16. Ne6 $2
Qc6 17. Bh5+ Kg8 18. Bf7+ Kxf7 19. Qf3+ Nf6 20. gxf6 Bxe6 21. Qh5+ Kg8 22. fxe7
Bf7 (22... g6 $19) 23. Rf1 g6 24. Qf3 (24. Rxf7 $3 Kxf7 (24... gxh5 25. Rf8+
Kg7 26. Bd4+ Kg6 27. e8=Q+ Qxe8 28. Rxe8 $18) 25. Qxh7+ Kf6 (25... Ke6 26. Qg8+
$18) 26. Qh8+ Kxe7 27. Bg5+ Kf7 28. Qf6+ Kg8 29. Qe6+ Kg7 30. Bf6+ Kh7 31. Qh3+
Kg8 32. Qh8+ Kf7 33. Qg7+ Ke6 34. Qe7#) 24... Qe8 25. e5 Nd7 26. exd6 cxb2 27.
Bd4 Rb8 28. Rb1 Qc8 29. Rxb2 Rxb2 30. Bxb2 Qc5+ 31. Kf1 Qb5+ 32. Qe2 Qxb2 33.
e8=Q+ Bxe8 34. Qxe8+ Nf8 {Potgats,J-Orgovan,S/HUN(tch)/1991/}) 16... Nf6 (16...
Kg8 $2 17. Bc4+ Kh8 18. Ne6 $18 (18. Ne6 Qa5 19. Qf7 $18)) (16... Ke8 $2 17.
Ne6 Qc6 18. Nxg7+ Kd8 19. Ne6+ Ke8 20. Bh5#) 17. Bc4+ Ke8 18. gxf6 Bxf6 19.
bxc3 $16 (19. bxc3 Bb7 20. Ne6 Qe7 21. Qh3 Bxe4 22. Bb6 $18)) 15. Ne6 Qb7 {
and black stands OK;example:} 16. Qd4 (16. Bd4 Ne5 17. Nxf8 Bxf8 18. Bxc3 Qxe4
$132) 16... Ne5 17. Nxf8 Bxf8 18. Qxc3 Nbc6 $13 {By the way,after the game,
Loek told me, that he analised this variation and came to the conclusion, that
black stands pretty well; but he didn't pay attention to the quiet move 12.Bd3
analizing only the more forced 12.f5.}) 12... Re8 {Preparing the attack.
Nothing gives 12...b4 13.Ne2 and then 14.Ng3 and f4-f5.At the same time black
hasn't any real counterplay on the queenside.} (12... b4 13. Nce2 {/\ 14.Ng3,
f4-f5} (13. Nce2 Nc5 (13... Bb7 14. f5 (14. Ng3 Nc5 15. f5 e5 (15... exf5 16.
exf5 (16. Ndxf5 Nc6 $13) 16... Re8 $13)) 14... exf5 15. exf5 Re8 16. f6 Bxf6
17. gxf6 Rxe3 18. Qd2 Rxd3 19. Qg5 Nxf6 20. Nf5 Qb6+ 21. Ned4 $8 (21. Rf2 $4
Qxf2+ $19) 21... Nh5 $13 (21... Qxd4+ 22. Nxd4 Rxd4 23. Rxf6 Nd7 24. Rf4 Ne5
25. Raf1 $16)) 14. f5 e5 15. Nb3 Nbd7 16. Ng3 $40)) (12... Nc6 13. Qh5 g6 14.
Qh6 (14. Qh4 $5) 14... Re8 15. Rf3 Bf8 16. Qh4 Bg7 $13) 13. Qh5 g6 14. Qh4 b4 (
14... Bb7 15. Rf3 b4 16. Nce2) 15. Nce2 Bb7 $2 {In my opinion it's a decisive
mistake.White is threating to transpose the rook:Rf1-f3-h3,but black doesn't
pay any attention to this threat.The only move was 15...Bf8,bringing the
bishop to g7,and the knight to f8;anyway} (15... Bf8 16. Rf3 Bg7 17. f5 (17.
Rh3 Nf8 18. f5 exf5 19. exf5 Nc6 {with unclear game.}) 17... exf5 18. Nxf5 $1 (
18. exf5 $2 Nc6 {and black stands pretty well.} 19. fxg6 {! Gutman,L: das hat
Sutovskij in seiner Analyse übersehen!} (19. Rh3 {Sutovskij} Nf8 20. Rf1 Ne5
$132) 19... hxg6 20. Rxf7 $18 {Weiß gewinnt!} Nce5 (20... Kxf7 21. Bxg6+ Ke7 (
21... Kxg6 22. Nf4+ Kf7 23. g6+ Kg8 24. Qh7+ Kf8 25. Nfe6+ Rxe6 26. Nxe6+ Ke7
27. Nxc7 $18) 22. Nf5+ Kd8 23. Nxg7 $18) 21. Bxg6 $1 Nxg6 (21... Nxf7 22. Qh7+
Kf8 23. Nf5 $18) 22. Rxg7+ Kxg7 23. Qh6+ Kf7 24. Qh7+ Kf8 25. Rf1+ Nf4 26.
Rxf4+ Nf6 27. Rxf6+ Qf7 28. Rxf7#) 18... gxf5 (18... Ne5 19. Rh3 gxf5 20. exf5
{and black hasn't any defence.}) 19. exf5 Nf8 {!Gutman,L} (19... Nc5 20. Rh3 h6
21. gxh6 Be5 22. Qg5+ Kh8 23. f6 Rg8 24. Qg7+ {and mate in two.}) (19... f6 {
The best defence.Now white has to find the only way to win the game.} 20. Bc4+
$1 (20. Rh3 fxg5 21. Qxh7+ Kf8 22. Bxg5 Qc5+ 23. Kf1 Qd5 $13) 20... Kf8 21. Nd4
$1 Ne5 (21... Bb7 22. gxf6 Nxf6 23. Bh6 Nbd7 24. Rg3 Bxh6 25. Qxh6+ Ke7 26.
Re1+ Be4 27. Rxe4+ {Leads to the very beautyful and intersting variation,but
27.Be6 is for sure stronger:} (27. Be6 $1 d5 (27... Kd8 28. Bxd7 Nxd7 29. Rxe4
$1 Rxe4 30. Rg8+ Re8 31. Ne6+ $18) 28. Rg7+ Kd8 29. Qh4 Re7 30. Rxe7 Kxe7 31.
Bxd5 $1 Ne5 32. Rxe4 $18) (27. Be6 $1 $40) 27... Nxe4 28. Rg7+ Kd8 29. Ne6+
Rxe6 30. Rg8+ (30. fxe6 Qc5+ 31. Kh1 Ndf6 {and I don't see how white can
continue his attack.}) 30... Re8 31. Rxe8+ Kxe8 32. Qe6+ Kd8 33. Qg8+ Ke7 34.
Qe6+ $10) 22. gxf6 Nxf3+ (22... Nxc4 23. fxg7+ Kg8 24. Rh3 Qxg7+ {nothing
helps already:} (24... h6 25. Qxh6 Qxg7+ 26. Rg3 Qxg3+ 27. hxg3 Rxe3 28. Qg5+
Kf8 29. b3 $18) 25. Rg3 Nxe3 26. Rxg7+ Kxg7 27. Re1 $18) 23. Nxf3 Rxe3 (23...
h5 24. Bd4 Bh8 25. Qxh5 Qxc4 26. Qh6+ Kg8 27. f7+ Kxf7 28. Ng5+ Ke7 29. Qh7+ {
and mating} (29. Qh7+ Kd8 30. Bb6+)) 24. Qxh7 $18) (19... Ne5 20. Rh3 Nxd3 21.
Qxh7+ Kf8 22. f6 $18) 20. f6 Bh8 21. Nd4 (21. Nf4 Nc6 22. Nd5 Qb7 $17) 21...
Re5 $1 22. Nf5 Bxf5 23. Bxf5 Nbd7 24. Bd3 Rxe3 25. Rxe3 Qc5 26. Rae1 Re8 $17) (
15... e5 {! Gutman,L} 16. Nf5 {Tischbierek} (16. fxe5 {Gutman,L} Nxe5 17. Nf4
Bb7 18. Nd5 Bxd5 19. exd5 Bf8 $11) (16. Nf3 {Gutman,L} exf4 17. Nxf4 Bb7 18.
Nd5 Bxd5 19. exd5 Bf8 $1 20. Rae1 Nb6 21. Be4 Nc4 22. Bd4 Nd7 $11 {Die
Kontrolle über das Feld e5 sichert dem Schwarzen gutes Spiel.}) (16. f5 $2 {
Tischbierek} exd4 17. fxg6 fxg6 18. Rf7 h5 $1 $19) 16... gxf5 17. exf5 d5 $1 {
Fritz} (17... e4 $5 18. Bxe4 Bb7) (17... Bb7 18. f6 e4 19. Rf3 $1 exd3 20. Rh3
Be4 (20... Nf8 $4 21. Qh6 $18 {/\Qg7#}) 21. Ng3 Bg6 22. f5 Ne5 23. Rf1 d2 24.
fxg6 $18 {Fritz}) 18. f6 e4 19. Rf3 exd3 20. Rh3 Nxf6 21. gxf6 Bf5 $1 $19) 16.
Rf3 {Now white's plan is very simple. He wants black to play h7-h5 and after
that to sacrifise the knight and to give mate. The most interesting thing,
that black can't to anything against that!} h5 {Why to play h7-h5 immediately?
It would be a good question, but it's another eternal question you can ask in
this position: What to do? Frankly speaking, I don't know the answer. During
the game, I expected 16...Nc6, but it also} (16... Nc6 17. Rh3 Nf8 (17... h5
18. Ng3 Nxd4 19. Bxd4 e5 20. Nxh5 {and white is mating very quickly.}) 18. f5 {
and then f5-f6 and Qh6 with mate.} (18. Nxc6 Bxc6 19. Nd4 $14) (18. f5 Nxd4 19.
Bxd4 gxf5 20. Qh6 e5 21. Ng3 f6 22. Nxf5 Bd8 23. gxf6 exd4 24. Rg3+ Ng6 (24...
Kh8 25. Qg7+ Qxg7 26. fxg7+ Kg8 27. Nh6#) 25. Rxg6+ hxg6 26. Qxg6+ Kf8 27. Nh6
$18)) (16... e5 17. Rh3 h5 18. Nf5 $1 Bf8 19. Neg3 $18 {[%cal Gg3h5]}) 17. Ng3
Bf8 (17... Nc5 18. f5 exf5 19. Ndxf5 gxf5 20. Qxh5 $40) 18. Nxh5 {This
thematic sacrifice doesn't get an exclamation mark,because after it white's
attack develops itself, and even without calculations it's obvious that black
can do nothing against it. Ftacnik: If white's attack comes through material
stops being an important issue. Ftacnik: Wenn der weiße Angriff durchschlägt,
ist die Materialverteilung nicht mehr wichtig.} gxh5 19. Qxh5 Bg7 (19... Nc6
20. Nxc6 $1 Bxc6 21. Bd4 e5 (21... Bg7 22. Bxg7 Kxg7 23. Qh6+ Kg8 24. e5 Qb6+
25. Kf1 $18) 22. Bc4 d5 23. exd5 (23. fxe5 Nxe5 24. Rh3 Bg7 25. Qh7+ Kf8 26.
Bc5+ Re7 27. exd5 Bxd5 28. Bxe7+ Qxe7 29. Bxd5 Qc5+ $19) 23... Ba4 24. Bd3 Bg7
25. fxe5 $14) 20. f5 exf5 {All other moves are losing too:} (20... Ne5 21. Rh3
(21. f6 Nxf3+ 22. Nxf3 e5 23. Rf1 $40) 21... Nbd7 (21... exf5 22. Qh7+ Kf8 23.
Nxf5 f6 24. gxf6 $18) (21... Nxd3 22. Qh7+ Kf8 23. f6 $18) 22. Rf1 Nxd3 (22...
exf5 23. Qh7+ Kf8 24. Nxf5 $18) 23. f6 $18 (23. Qh7+ Kf8 24. f6 (24. fxe6 N7e5
25. Nf5 $18) 24... Nxf6 25. gxf6 Bxf6 26. Rxf6 $18)) (20... Nc6 21. fxe6 Nde5 (
21... fxe6 22. Qf7+ Kh7 23. Rh3#) 22. exf7+ Nxf7 23. g6 $18) 21. Nxf5 Nf8 (
21... Bxe4 22. Nh6+ {and winning.}) (21... Ne5 22. Rh3 Kf8 23. Qh8+ Bxh8 24.
Rxh8#) (21... Re5 22. Nh6+ Bxh6 23. Qxf7+ Kh8 24. Rh3 $18) 22. Nxg7 Kxg7 23.
Bd4+ {Ftacnik: Black's queenside remains underdeveloped. Ftacnik: Der schwarze
Damenflügel bleibt unterentwickelt.} Re5 24. Raf1 (24. Raf1 Ng6 (24... Kg8 25.
Rh3 Ng6 26. Qh7+ Kf8 27. Qxg6 $18) 25. Rxf7+ Qxf7 26. Rxf7+ Kxf7 27. Qh7+ $18 (
27. Bxe5 dxe5 28. Qh7+ $18)) 1-0

[Event "Biel MTO op 47th"]
[Site "Biel"]
[Date "2014.07.23"]
[Round "9"]
[White "Swiercz, Dariusz"]
[Black "Cvitan, Ognjen"]
[Result "1-0"]
[WhiteElo "2617"]
[BlackElo "2535"]
[Annotator "Swiercz,D"]
[PlyCount "81"]
[EventDate "2014.07.14"]
[EventType "swiss"]
[EventRounds "11"]
[EventCountry "SUI"]
[Tiebreak "Cut2 Buchholz+Cut1 Buchholz"]
[SourceTitle "CBM 162"]
[Source "ChessBase"]
[SourceDate "2014.09.17"]
[SourceVersion "1"]
[SourceVersionDate "2014.09.17"]
[SourceQuality "1"]

1. e4 c5 2. Nf3 e6 3. d4 cxd4 4. Nxd4 a6 5. Be2 ({Previously I usually chose} 
5. Bd3 {but on that day I wanted to play another line.}) 5... Nf6 6. Nc3 d6 7.
O-O Be7 8. f4 Qc7 9. Kh1 O-O 10. a4 Nc6 11. Be3 {From a different, not usual
move order we have achieved one of the most popular lines in the Sicilian
Defence - the Scheveningen.} Re8 12. Bf3 Bd7 ({According to my database, the
most popular move here is} 12... Rb8 {but of course it's only beginning of a
very long line and Black has many other interesting moves. One of them is of
course the developing ...Bd7.}) 13. Nb3 b6 14. Qe2 $5 {An interesting move,
second in popularity according to my database. The idea is not to hurry with
rushing with pawns on the kingside (like in the classic game Karpov - Kasparov
0-1, WCh 1985), but to have in mind another ideas connected with manoeuvring
and try to find the correct moment for more straightforward actions.} (14. g4 {
is considered as the main move and it was played last year in the game
Harikrishna - Van Wely 1-0 2013, where the Indian GM managed to create a very
powerful attack on the kingside and won a very nice game:} Bc8 15. g5 Nd7 16.
Bg2 Bb7 17. Rf3 Bf8 18. Rh3 g6 19. Qe1 Bg7 20. Qh4 Nf8 21. Qf2 Nd7 22. Rf1 Nb4
23. Bd4 Bxd4 24. Nxd4 Nc6 25. f5 Nce5 26. Qh4 h5 27. Nde2 exf5 28. Nf4 Kg7 29.
Ncd5 Bxd5 30. Nxd5 Qxc2 31. exf5 Rac8 32. Nf4 Rh8 33. fxg6 fxg6 34. Ne6+ Kg8
35. Bd5 Qd2 36. Qe4 Rc1 37. Rhf3 Kh7 38. Rf7+ Nxf7 39. Qxg6+ {1-0 (39)
Harikrishna,P (2698)-Van Wely,L (2679) Wijk aan Zee 2013}) 14... Nb4 $1 {
The correct reaction.} ({In this position the typical} 14... Bc8 $6 {is very
dubious:} 15. e5 $1 dxe5 (15... Nd7) 16. fxe5 Nd7 17. Qf2 $1 (17. Bxc6 $6 Qxc6
18. Nd4 Qb7 19. Rxf7 {would have been winning if Black were forced to take on
f7. But there is} Nxe5 $1 {and White is only slightly better.}) 17... Rf8 18.
a5 Rb8 (18... bxa5 19. Nxa5 Bb7 20. Nxb7 Qxb7 21. Qg3 $16) (18... b5 19. Bb6
$18) 19. Bxc6 Qxc6 20. Qg3 Kh8 21. Ra4 $1 $16) 15. Rad1 (15. e5 {doesn't bring
any real danger to Black after} Nfd5) 15... Bc6 16. Qf2 (16. Rd4 {was my first
intention in this position, but the position arising after this move was not
100% clear to me and I thought it might be too little to win.} d5 17. e5 Ne4 $5
(17... Nd7 18. Rd2 $14 {this kind of position is in my opinion not good for
Black. White has a great place for his knight on d4 and ideas of setting up an
attack on the kingside. For example:} Rac8 19. Qf2 Ba8 20. Nd4 Nc6 21. Nce2
Nxd4 22. Nxd4 Nc5 23. Qg3 $36) 18. Nxe4 dxe4 19. Bxe4 Bxe4 20. Rxe4 Qxc2 21.
Qxc2 Nxc2 22. Bxb6 Reb8 (22... Rab8 $5 {is also possible.} 23. a5 Nb4 24. Nd2
Nd5 25. Nc4 Rec8 $44 {Black should equalise easily.} 26. g3 Bc5 27. Ra1 h6 28.
b3 Nxb6 29. axb6 Bxb6 30. Rxa6 Bc5 $11) 23. a5 Bd8 24. Re2 Nb4 25. Bxd8 Rxd8 {
I thought that in such a kind of position it would be very difficult to win.})
16... Rab8 17. Nd4 (17. Rd4 {is a worse version than one move before, as now
the b6-pawn is defended.} d5 18. e5 Ne4 19. Bxe4 dxe4) 17... Ba8 18. Qg3 {
Aiming to play e5.} Rbc8 19. e5 Nfd5 (19... dxe5 $2 20. fxe5 Bxf3 21. Nxf3 Nfd5
{was at least risky:} 22. Bh6 Bf8 (22... g6 23. Ne4 $16 {[%cal Ge4d6]}) 23. Ne4
$36) 20. Nxd5 (20. Bd2 $5 {was another interesting option.} dxe5 21. fxe5 Nxc3
22. Bxc3 Bxf3 23. Rxf3 Rf8) 20... Nxd5 21. Bc1 Bf8 22. c3 g6 $1 {Black
prevents f4-f5 and wants to put some pressure on the e5-pawn.} 23. Be2 Bb7 24.
Nf3 $1 {For the moment I overprotect the e5-square, but I combine two ideas:
first, creating some attack on the kingside using Ng5 and second, exerting
some pressure in the centre and aiming to playat some moment via c4 maybe.}
Rcd8 {This move is a bit inaccurate. This rook is better placed on c8 than on
d8 as now if I put some pressure on the b6-pawn (like Qf2-c4-Be3) the rook on
d8 will be in danger as well then.} (24... dxe5 $1 {was absolutely the best.}
25. fxe5 Ne7 $1 {the idea is to improve the knight to f5. As the position has
opened a little, I can't create a serious attack on the kingside and I have to
regroup pieces to the centre. The position is still about equal, but it might
be easier to play with Black. For example:} 26. Qf2 Nf5 27. Bd3 Rcd8 28. Qe2 a5
$13) 25. Qf2 $1 (25. Ng5 $5 {was another interesting possibility. However, I
still prefer 25.Qf2 as the idea with c4-Be3 looks very strong.} Bg7 26. Qf2 Rd7
$13) 25... Bg7 $6 {This is already a serious inaccuracy. My opponent didn't
realise the danger which was threatening him.} (25... dxe5 26. fxe5 Bc5 (26...
Ne7 {is not good anymore:} 27. Rxd8 Qxd8 28. Be3 $14 {[%csl Rb6]}) 27. Nd4 Rd7
28. Rde1 {the position is still unclear but somehow I prefer White there.}) 26.
c4 $1 Ne7 27. Be3 $1 {And now Black is forced to defend the b6-pawn in a
passive way.} Nc8 28. exd6 (28. Rc1 {was even stronger. The idea is to play b4
and then c5 at some moment.}) 28... Rxd6 29. Ne5 Red8 $2 {A serious mistake.} (
29... Rxd1 {was essential. Black had to exchange rooks 'to get some space to
breathe'.} 30. Rxd1 Rd8 31. Rxd8+ Qxd8 32. Bd4 $14 {I think White is still
slightly better there because of the weak b6-pawn but it's only one weakness
which should not be difficult to defend.}) 30. Rc1 $1 $16 {Great move,
underlining the lack of space for Black's pieces and the situation, where too
many pieces want to get to one square. Here it is happening with Black's rooks
- b4-c5 is coming and the Rd6 doesn't have a non-blundering move for the
moment!} Be4 31. b4 f6 (31... Ne7 {was more stubborn, but after} 32. c5 bxc5
33. Bxc5 {the position is still very difficult for Black.}) 32. Nf3 {This
position is extremely unpleasant for Black as c5 is unstoppable and it's not
easy to avoid losing material. The position is practically lost.} Bd3 33. c5
bxc5 34. Bxc5 Rd5 35. Bxd3 (35. Bd4 {won more easily but my move is winning as
well.}) 35... Rxd3 36. Qe2 $18 {Black loses material.} Qxf4 ({After} 36... Qd7
{I had prepared} 37. Nd4 $1 Rxd4 38. Bxd4 Qxd4 39. Rfd1 Qb6 40. Rxd8+ Qxd8 41.
Qxe6+ $18) 37. Qxe6+ Kh8 38. Qxa6 f5 39. Bd4 $1 {Nice final tactics.} Rxf3 40.
Bxg7+ Kxg7 41. Qb7+ $1 {Taking on f3 with the queen and achieving a completely
winning position.} 1-0